Vista normal
Vista MARC
Entrada Personal Name
Número de registros utilizados en: 1
001 - CONTROL NUMBER
- control field: 2300
003 - CONTROL NUMBER IDENTIFIER
- control field: OSt
005 - DATE AND TIME OF LATEST TRANSACTION
- control field: 20200331155651.0
008 - FIXED-LENGTH DATA ELEMENTS
- fixed length control field: 200331|| aca||aabn | a|a d
040 ## - CATALOGING SOURCE
- Original cataloging agency: OSt
- Transcribing agency: OSt
100 ## - HEADING--PERSONAL NAME
- Personal name: Feijoó, Núria,
670 ## - SOURCE DATA FOUND
- Source citation: Work cat.: (OSt)3972: Andricaín, Sergio, autor 2298, Lero, lero, candelero : , 2014